| 000 | 00000nam##2200000za#4500 |
| 001 | 9.579932 |
| 003 | CaOODSP |
| 005 | 20210624190809 |
| 007 | cr ||||||||||| |
| 008 | 150406|2002||||xxc|||||o f|0| 0 eng|d |
| 022 | |a1488-5387 |
| 040 | |aCaOODSP|beng |
| 043 | |an-cn--- |
| 086 | 1 |aFs97-4/2608E-PDF |
| 110 | 1 |aCanada. |bDepartment of Fisheries and Oceans. |
| 245 | 10|aStrait of Georgia and Northern Vancouver Island sport fishery creel survey statistics for salmon and groundfish, 2000 / |h[electronic resource]|cby D.C. Hardie ... [et al.] |
| 260 | |aMoncton - New Brunswick : |bFisheries and Oceans Canada |c2002. |
| 300 | |a127p.|bfigs., references, tables |
| 490 | 1 |aCanadian manuscript report of fisheries and aquatic sciences|x1488-5387|vNo. 2608 |
| 500 | |aOn t.p.: Pacific Biological Station, Nanaimo, British Columbia. The catalogue number and ISSN for the print edition appear in the PDF version. |
| 546 | |a(Résumés en français) |
| 590 | |a14-13-Supp|b2014-06-23 |
| 720 | 1 |aHardie, D. C. |
| 830 | #0|aCanadian manuscript report of fisheries and aquatic sciences,|x1488-5387|vNo. 2608|w(CaOODSP)9.505211 |
| 856 | 40|ahttp://publications.gc.ca|qPDF|s38,502 KB|uhttps://publications.gc.ca/collections/collection_2014/mpo-dfo/Fs97-4-2608-eng.pdf|yNo. 2608 |